YA Book Characters Match Quiz Stats

 Plays Quiz not verified by Sporcle

Score 0/40 Timer 08:00
2 Plays Today
% Correct
Hemione Granger
97.5%
Ron Weasley
96%
Luna Lovegood
94.4%
Neville Longbottom
92.8%
Katniss Everdeen
89.2%
Tris Prior
86.5%
Annabeth Chase
85.6%
Peeta Mellark
84.9%
Gale Hawthorn
81.7%
Tobias Eaton
81.1%
Haymitch Abernathy
80.8%
Caleb Prior
80.8%
Celaena Sardothian
80.2%
Chaol Westfall
80%
Alec Lightwood
79.1%
Effie Trinkett
79%
Rowan Whitethorn
78.8%
Clary Fray
77.5%
Lavender Brown
76.6%
Manon Blackbeak
76.1%
% Correct
Grover Underwood
76.1%
Jace Wayland
75.5%
Isabelle Lightwood
75%
Yrene Towers
74.6%
Thalia Grace
73.2%
Magnus Bane
73.2%
Christina
70.3%
Luke Castellan
68.5%
Nico di Angelo
68.5%
Eric
65.3%
Blue Sargent
62.2%
Adam Parrish
60.3%
Linh Cinder
59.9%
Cress Darnel
58.1%
Carswell Thorne
54.5%
Scarlett Benoit
52.2%
Noah Czerny
52%
Richard Gansey III
51.4%
Winter Hayle
48.7%
Ronan Lynch
48%

You're not logged in!

Compare scores with friends on all Sporcle quizzes.
OR
Log In

You Might Also Like...

Show Comments

Extras

Top Quizzes Today


Score Distribution

Your Account Isn't Verified!

In order to create a playlist on Sporcle, you need to verify the email address you used during registration. Go to your Sporcle Settings to finish the process.

Report this User

Report this user for behavior that violates our Community Guidelines.

Details: